|
|
|
|
| LEADER |
00912nam a2200241 a 4500 |
| 001 |
GR-Patra10570 |
| 008 |
991022s enk 000 b eng d |
| 020 |
|
|
|a 1855673592
|
| 040 |
|
|
|a GrPaTEI
|b gre
|c GR-PaULI
|
| 245 |
0 |
0 |
|a The politics of European treaty reform.
|
| 260 |
|
|
|a London :
|b Pinter,
|c c1997
|
| 300 |
|
|
|a viii, 353σ.
|
| 500 |
|
|
|a The 1996 intergovernmental conference and Beyond.--Includes bibliographical references
|
| 650 |
|
0 |
|a EUROPEAN UNION
|
| 650 |
|
4 |
|a ΕΥΡΩΠΑΙΚΗ ΕΝΩΣΗ
|
| 650 |
|
4 |
|a ΕΥΡΩΠΑΙΚΗ ΕΝΩΣΗ
|
| 700 |
1 |
|
|a Edwards, Geoffrey
|
| 700 |
1 |
|
|a Pijpers, Alfred
|
| 710 |
0 |
|
|a Pinter
|
| 942 |
|
|
|2 ddc
|
| 952 |
|
|
|0 0
|1 0
|2 ddc
|4 0
|6 341_242200000000000_POL
|7 0
|9 291110
|a LISK
|b LISK
|c BSC
|d 2021-01-17
|e 24
|f 0
|g 0.00
|l 0
|o 341.2422 POL
|p 92410013378
|r 2021-01-17 00:00:00
|t 1
|w 2021-01-17
|y BK15
|x 19991024 0 1
|x GrPaTEI
|
| 971 |
|
|
|a .b26580858
|b 15-04-20
|c 23-09-16
|
| 999 |
|
|
|c 170006
|d 170006
|